[Event "Airthings Masters KO 2020"]
[Site "Online"]
[Date "2020.12.28"]
[Round "1.2"]
[White "Dubov, Daniil"]
[Black "Carlsen, Magnus"]
[Result "1-0"]
[WhiteElo "2699"]
[BlackElo "2862"]
[Annotator "TA"]
[PlyCount "83"]
[EventDate "2020.12.26"]
[EventType "tourn"]
[EventCountry "NET"]
[SourceTitle "playchess.com"]
[Source "ChessBase"]
[SourceQuality "1"]

{[%evp 14,83,0,0,0,-9,29,34,46,43,50,47,58,53,70,68,72,17,17,-10,30,0,11,17,22,0,199,192,183,206,203,201,201,193,193,173,173,166,160,99,116,105,241,168,167,155,155,74,90,100,127,40,99,2,0,47,14,0,0,0,0,0,0,0,1122,1103,29966,29968,29968,29968,29998,29999]} 1. d4 Nf6 2. c4 e6 3. Nf3 d5 4. g3 Bb4+ 5. Nbd2 O-O 6. Bg2 b6 {The main line 6...b6 scores better than 6...dxc4.} 7. O-O Bb7 8. Ne5 a5 {E16: Queen's Indian: 4 g3 Bb7 5 Bg2 Bb4+.} 9. Qc2 a4 {[#]} 10. Rd1 $146 ({Predecessor:} 10. Nd3 Be7 11. c5 Nc6 12. Nf3 Ne4 13. Be3 bxc5 14. Nxc5 Nxc5 15. dxc5 Bf6 16. Rad1 {0-1 (37) Vokoun,J (2217)-Rogule,L (2342) Pardubice 2006}) 10... Bd6 {White is slightly better.} 11. cxd5 exd5 {[#]} 12. Ndc4 $1 h6 {[#]} (12... c6 13. Nxd6) 13. Bf4 $1 Re8 {[#]} (13... Na6 14. Ne3) 14. Rac1 $1 Na6 15. a3 Bf8 $1 $11 16. Ne3 c5 17. Nf5 cxd4 18. Nc6 $36 {[%mdl 2048] Black is under pressure.} (18. Rxd4 g5 $17) (18. Qxa4 Nc5 $17) 18... Qd7 19. Bh3 (19. Nfxd4 Rac8 $17) 19... Kh8 $2 (19... Bxc6 $11 20. Qxc6 Qxc6 21. Rxc6 Rxe2) 20. Ne5 $18 (20. Ncxd4 g6 $15) (20. Qxa4 $2 Nc5 $19) (20. Rxd4 $2 Rac8 $19) 20... Rxe5 21. Bxe5 Ne4 22. Bxd4 {Strongly threatening Qxe4!} (22. Rxd4 $6 Nac5 $16) 22... Rc8 23. Qd3 Nac5 24. Qe3 {Qxh6+ is the strong threat.} Kh7 25. Bxc5 Nxc5 26. Qf3 (26. Qf4 $142) 26... d4 $16 27. Rxd4 Qe8 (27... Ne6 $16 28. Re1 (28. Rxd7 Rxc1+ 29. Kg2 Bxf3+ 30. exf3 Bc5 $16) 28... Nxd4 29. Nxd4 Qxh3 30. Qxb7 Bc5) 28. Qe3 Qc6 {[%csl Gb7][%cal Rc6h1]} 29. f3 Re8 30. Qf2 (30. Qd2 $142) 30... g6 31. Ne3 {aiming for Bd7.} Qf6 32. Ng4 (32. Rcd1 $16) 32... Qg7 $1 $14 {[#]} 33. Rcd1 (33. Rb4 $1 $16 {[%cal Rb4b6]} f5 {[#]} 34. Nxh6 $1 (34. Rxb6 fxg4 35. Bxg4 Nb3 $11) (34. Ne3 Nb3 $14)) 33... h5 $11 34. Ne3 {Threatens to win with Ng2.} Nb3 $1 {[%cal Rb3d4]} 35. R4d3 (35. Rxa4 $2 Bc5 $17) 35... Qxb2 {And now ...Bc5 would win.} (35... Bc5 $5 36. Bd7 $8 {[%mdl 64] Double Attack} Rxe3 37. Rxe3 Qxb2 $11) 36. Rd7 Bc5 37. Rxf7+ (37. Rxb7 $2 Bxe3 38. Rxf7+ Kg8 $19) 37... Kh6 38. Rdd7 $1 {Rh7+ would kill now.} Qa1+ $2 {[%mdl 8192]} ({Worse is} 38... Bxe3 39. Rh7+ Kg5 40. f4+ Kf6 41. Rhf7#) (38... Qh8 $11 39. Kh1 (39. Rxb7 $2 Bxe3 40. Rh7+ Qxh7 $19) 39... Bxe3) 39. Kg2 $18 ({Stronger than} 39. Rd1 Qh8 $17) 39... Bxe3 40. Rh7+ {White mates.} Kg5 41. Rxb7 Rf8 42. Qxe3+ {[%mdl 64] Double Attack.  Weighted Error Value: White=0.18/Black=0.30} 1-0

[Event "Airthings Masters KO 2020"]
[Site "Online"]
[Date "2020.12.30"]
[Round "2.1"]
[White "Vachier-Lagrave, Maxime"]
[Black "Aronian, Levon"]
[Result "0-1"]
[WhiteElo "2784"]
[BlackElo "2781"]
[Annotator "TA"]
[PlyCount "134"]
[EventDate "2020.12.26"]
[EventType "k.o."]
[EventCountry "NET"]
[SourceTitle "playchess.com"]
[Source "ChessBase"]
[SourceQuality "1"]

{[%evp 18,134,38,20,33,11,37,22,37,0,4,-21,0,-14,-24,-23,-14,-20,-29,-22,0,-25,0,0,0,0,0,0,0,-67,-79,-107,-88,-85,-81,-93,-73,-92,-81,-64,-61,-54,-51,-82,-93,-77,-83,-178,-189,-216,-222,-209,-77,-209,-207,-203,-190,-273,-272,-268,-279,-262,-268,-258,-222,-226,-228,-234,-221,-243,-222,-216,-208,-250,-231,-362,-263,-320,-308,-541,-389,-345,0,-541,-470,-439,-453,-601,-454,-541,-535,-29978,-2530,-29970,-29965,-29976,-29970,-29967,-4134,-29980,-4606,-29981,-29982,-29982,-29983,-29985,-1124,-1116,0,-29985,-29985,-29985,-29983,-29983,-29984,-29984,-29985,-29985,-29985]} 1. e4 e5 2. Nf3 Nc6 3. Bb5 Nf6 4. O-O Nxe4 5. d4 Nd6 6. Bxc6 dxc6 7. dxe5 Nf5 8. Qxd8+ Kxd8 9. h3 Ne7 10. Nc3 Bd7 {C67: Ruy Lopez: Berlin Defence: 4 0-0 Nxe4.} 11. b3 {[#]} Ke8 $1 $146 {[%mdl 8] A top novelty.} ({Predecessor:} 11... Ng6 12. Bb2 Kc8 13. Rae1 h6 14. Nd2 Nf4 15. Ne2 Bb4 16. c3 Nxe2+ 17. Rxe2 Be7 18. c4 {½-½ (52) Vachier Lagrave,M (2774)-Jakovenko,D (2681) Khanty-Mansiysk 2019}) 12. Re1 Nd5 {The position is equal.} 13. Ne4 (13. Ne2 {looks sharper.} Bb4 14. Rf1 Nc3 15. Ng3 c5 16. a3) 13... Bb4 14. Bd2 (14. Nfd2 {with more complications.} Bf5 15. a3 Bxe4 16. Rxe4 Bc3 17. Rb1) 14... Bxd2 15. Nfxd2 Nb4 16. Rec1 Rd8 17. a3 Nd5 18. Re1 Ke7 19. Kh2 h5 20. Nf3 Nf4 21. Rad1 Bc8 22. Nd4 h4 23. Ng5 (23. Nc5 $11) 23... c5 24. Nb5 Rxd1 25. Rxd1 Rh5 26. Nf3 Bd7 $36 {[%mdl 2048] Black is on the roll.} 27. Nxa7 c6 28. b4 cxb4 29. axb4 Ng6 30. Re1 Kd8 31. b5 Kc7 $1 32. bxc6 (32. Rd1 $17) 32... bxc6 $19 33. c4 Kb7 34. Rd1 Bf5 (34... Be6 $19 35. Ra1 Bxc4) 35. Nxc6 Kxc6 36. Rd5 Be6 37. Rb5 (37. Nd4+ {was necessary.} Kc7 38. Ra5) 37... Kc7 ({Worse is} 37... Bxc4 38. Nd4+ Kc7 39. Rc5+ Kb7 40. Rxc4 $14) 38. Rc5+ Kd7 39. Ra5 Rf5 40. Ra7+ Kc8 41. Ra8+ Kc7 42. Rg8 Nxe5 43. Nxh4 Rxf2 {aiming for ...g6.} 44. Rxg7 Kd6 45. Rg5 Nxc4 46. Nf3 (46. Kg3 $142 Re2 47. Kf3) 46... Bd5 47. Kg1 Rb2 48. Rg3 $2 (48. Nh4) 48... Rb1+ 49. Kf2 Rb2+ (49... f5 $142 50. Rg6+ Ke7) 50. Kg1 Nd2 51. Nxd2 Rxd2 {[%mdl 4096] Endgame KRB-KR} 52. Rg4 f5 53. Rg6+ Ke5 54. Kh2 Be4 (54... f4 $142 55. Kg1 Kf5 56. Rg7 Be6 57. Ra7 Rd3 58. Rc7 Rg3 59. Rc2 Bd5 60. Rd2 Ke4 61. Kf1 Rb3 62. Kg1 Rg3 63. Kf1 Ra3 64. Re2+ Kd3 65. Kf2 Bxg2 $1 {[%mdl 512]} 66. Rb2 Be4 67. h4 Ra1 68. h5 Rh1 69. Rb3+ Kc4 70. Rb6 Rh2+ 71. Kf1 f3 72. Rd6 Bd3+ 73. Kg1 f2+ 74. Kxh2 f1=Q 75. Kg3 Qe1+ 76. Kh3 Qe3+ 77. Kg4 Qe2+ 78. Kf4 Qe4+ 79. Kg3 Qe5+ {[%mdl 64] Double Attack} 80. Kg2 Qxd6 81. Kf3 Qf6+ 82. Ke3 Qf1 83. h6 Bh7 84. Kd2 Qf2+ 85. Kd1 Kd3 86. Kc1 Qc2#) 55. Kg1 Kf4 56. Rg8 Ke3 57. Rg3+ Ke2 (57... Kd4 $142 58. h4 f4 59. Rg7 Ke3 60. h5 Rd1+ 61. Kh2 Rd5 62. Kg1 Rd1+ 63. Kh2 Kf2 64. Ra7 Rd5 65. Ra2+ Ke3 66. h6 Rh5+ {[%mdl 64] Double Attack} 67. Kg1 Bd3 68. Ra1 Rxh6 69. Ra3 Ra6 70. Rb3 Rg6 71. Kh2 Rg3 72. Rb8 Be4 73. Rb3+ Kf2 74. Rb2+ Kf1 75. Ra2 Bd3 76. Rb2 Be2 77. Rb1+ Kf2 78. Rb6 Rxg2+ 79. Kh3 f3 80. Rb3 Ke1 81. Rb1+ Bd1 82. Rb4 {[#]} f2 $1 {[%mdl 512]} 83. Re4+ Be2 84. Kxg2 f1=Q+ 85. Kg3 Qf3+ 86. Kh4 Qxe4+ 87. Kg5 Qe6 88. Kf4 Kf2 89. Kg5 Ke3 90. Kh4 Qg4#) 58. Rg7 Rd1+ 59. Kh2 Kf2 60. Ra7 Rd2 61. Ra5 Kf1 (61... f4 $142 62. Ra4 Ke3 63. Ra3+ Kd4 64. Ra4+ Ke5 65. Ra5+ Bd5 66. Kh1 Kd4 67. Ra4+ Ke3 68. Ra3+ Kf2 69. Kh2 Bxg2 70. h4 Be4 71. h5 Bf5 72. Kh1 Bd3 73. Kh2 Ke3+ 74. Kh3 f3 75. Kh4 Rg2 76. Kh3 Rg1 77. Ra8 f2 78. Re8+ Kf4 79. Rf8+ Bf5+ 80. Rxf5+ Kxf5 81. Kh4 Rg4+ 82. Kh3 f1=Q+ 83. Kh2 Qg2#) 62. Ra1+ Kf2 (62... Ke2 $19 63. h4 Ke3 64. Ra3+ Kd4) 63. Ra5 $1 f4 {Black mates.} 64. Ra4 Ke3 65. Ra3+ Kd4 66. Ra4+ Ke5 67. Ra5+ Bd5 {Weighted Error Value: White=0.61/Black=0.38} 0-1

[Event "Airthings Masters KO 2020"]
[Site "Online"]
[Date "2020.12.30"]
[Round "2.1"]
[White "Aronian, Levon"]
[Black "Vachier-Lagrave, Maxime"]
[Result "1-0"]
[WhiteElo "2781"]
[BlackElo "2784"]
[Annotator "TA"]
[PlyCount "114"]
[EventDate "2020.12.26"]
[EventType "k.o."]
[EventCountry "NET"]
[SourceTitle "playchess.com"]
[Source "ChessBase"]
[SourceQuality "1"]

{[%evp 14,114,50,34,56,29,52,8,21,13,41,18,40,35,38,25,30,13,35,31,23,17,47,14,39,24,25,16,36,0,30,0,24,16,22,25,41,42,55,43,43,38,47,35,30,28,48,40,114,91,135,150,160,149,158,122,147,125,161,133,135,46,28,28,67,37,191,198,217,0,0,0,0,0,-6,-12,0,0,0,-4,-8,-10,0,0,0,0,0,0,0,0,0,0,277,239,1911,1862,1545,1450,1285,1141,12833,12822,1160]} 1. d4 Nf6 2. Nf3 g6 3. c4 b6 4. Nc3 Bb7 5. d5 Bg7 6. e4 O-O 7. Be2 d6 8. O-O Nbd7 {E91: King's Indian: Classical: 6 Be2, unusual replies including 6...c5 and 6...Bg4.} 9. Be3 e6 10. Nd2 Re8 {[#] The position is equal.} 11. Qc2 $146 ({Predecessor:} 11. Rc1 Qe7 12. Bg5 Qf8 13. f4 a6 14. Bf3 Nc5 15. Qc2 exd5 16. cxd5 a5 17. Nb5 {1-0 (29) Khedkar,J (1814)-Prince,C (1829) Winnipeg 2006}) 11... c6 12. dxe6 fxe6 13. f4 Qe7 14. Rae1 Rad8 15. Kh1 e5 16. f5 gxf5 $1 17. Rxf5 Nf8 18. Ref1 Bc8 19. R5f2 Ne6 20. Qa4 Bd7 $1 21. Qd1 (21. Qxa7 $2 Ra8 $19) 21... Rf8 22. h3 Be8 23. Bg4 Bg6 24. Bf5 Nh5 {Threatening ...Ng3+.} 25. Qg4 Nhf4 26. Bxf4 Nxf4 27. Bxg6 $1 hxg6 28. g3 Nd3 29. Rf3 $36 {[%mdl 2048] White has good play.} Rxf3 30. Rxf3 Ne1 (30... Nxb2 $14 31. Qxg6 Rf8) 31. Rf1 $16 Nc2 32. Qxg6 Rf8 33. Rxf8+ Qxf8 34. Qe6+ Kh8 {[#] aiming for ...Nd4.} 35. Qf5 Qe8 36. h4 Nd4 37. Qg4 (37. Qg5 $16) 37... Qf7 38. Kg2 Bh6 39. Nf3 Nc2 $2 ({Black should try} 39... Qxc4 $14 40. Qd7 Qd3) 40. Qc8+ $18 Kh7 {[#]} 41. Qxc6 $2 (41. b3 $1 $18) 41... Qxf3+ $1 $11 {[%mdl 64] Remove Defender, Decoy} 42. Kxf3 Nd4+ {[%mdl 64] Double Attack} 43. Kg4 {White wants to mate with Qe8.} Nxc6 44. Kf5 Nd4+ 45. Kf6 Bd2 46. Nd5 (46. Ke7 {feels hotter.} Bc1 47. Nd1 Ne2 48. g4 Nf4 49. Kxd6 Nd3 50. b3) 46... Be1 47. Ke7 Bxg3 {Strongly threatening ...Nf3.} 48. Kxd6 Nf3 49. Ne7 Bf2 50. b4 Kg7 (50... Nxh4 $6 51. c5 $16) 51. c5 bxc5 $1 ({Don't go for} 51... Bxh4 $2 52. c6 $18) 52. bxc5 {Hoping for c6.} Kf7 $2 {[%mdl 8192]} (52... Nd2 $1 $11 53. c6 Nxe4+ 54. Kxe5 Nc5) 53. c6 $18 {Black must now prevent c7.} Bb6 (53... Nd4 54. h5 (54. c7 Nb5+ 55. Kd7 Nxc7 $17) 54... Be1) 54. Nd5 {White is clearly winning.} Ba5 55. c7 Bxc7+ 56. Nxc7 ({Not} 56. Kxc7 Nxh4 57. Kd6 Nf3 $16) 56... Nxh4 57. Kxe5 Ke7 {Weighted Error Value: White=0.19/Black=0.30} 1-0

[Event "Airthings Masters KO 2020"]
[Site "Online"]
[Date "2020.12.30"]
[Round "2.1"]
[White "Radjabov, Teimour"]
[Black "Dubov, Daniil"]
[Result "1-0"]
[WhiteElo "2765"]
[BlackElo "2699"]
[Annotator "TA"]
[PlyCount "163"]
[EventDate "2020.12.26"]
[EventType "k.o."]
[EventCountry "NET"]
[SourceTitle "playchess.com"]
[Source "ChessBase"]
[SourceQuality "1"]

{[%evp 19,163,18,15,14,14,11,16,9,6,0,8,10,13,16,18,12,11,11,14,15,9,4,17,16,21,22,31,25,25,20,22,24,24,25,25,0,25,12,12,12,15,15,17,10,12,12,9,9,9,8,20,0,68,39,110,98,107,106,114,106,106,104,108,102,111,110,137,80,109,87,82,77,92,72,75,75,82,75,82,62,62,57,62,53,56,53,62,62,89,75,146,103,149,53,53,53,53,46,52,44,75,46,49,45,75,75,77,0,22,0,0,0,0,0,0,0,24,1,17,14,40,40,73,73,130,131,144,130,143,121,241,223,338,326,432,433,373,373,399,360,693,695,652,664,629,630]} 1. Nf3 d5 2. d4 Nf6 3. c4 e6 4. Nc3 c6 5. cxd5 exd5 6. Qc2 Na6 {[%cal Bb8a6,Ba6c7,Bc7e6,Be6g7,Bg7f5][%mdl 32]} 7. a3 Nc7 8. Bg5 Ne6 9. Bh4 Be7 10. e3 g6 11. Bd3 {D36: Queen's Gambit Declined: Exchange Variation: Main line (5 Bg5 c6 6 Qc2).} Ng7 12. O-O Bf5 13. b4 {The position is equal.} a6 14. a4 $5 {[%mdl 4] Leaves trodden paths.} Bxd3 15. Qxd3 Nf5 16. Bxf6 Bxf6 17. b5 axb5 18. axb5 O-O {[#]} 19. Rfc1 $146 ({Predecessor:} 19. bxc6 bxc6 20. Na4 Qd6 21. g3 Rfb8 22. Nc5 h5 23. Qc2 Bg7 24. Nd3 Rxa1 25. Rxa1 {1-0 (38) Padurariu,C (1780)-Olariu,D (1900) Sovata 2001}) 19... Nd6 20. g3 Re8 21. bxc6 {Rxa8 is the strong threat.} bxc6 22. Ra6 Qd7 23. Nd2 Rec8 24. Na4 Rxa6 25. Qxa6 {And now Nb6 would win.} Qe8 26. Nb6 Rd8 27. Na4 Rc8 28. Nc5 Ra8 29. Qb6 Bd8 30. Qb1 h5 31. Nd3 Bf6 32. Qc2 Rc8 33. h4 Kg7 34. Kg2 Ne4 35. Nf3 Qe6 (35... Nd6 $11) 36. Qa4 Be7 (36... Qd7 $14) 37. Nf4 Qd6 38. Qa6 Rc7 39. Ne5 {[%cal Rc1c6]} c5 40. Qxd6 Bxd6 41. Nxd5 Ra7 42. Nc4 {aiming for Kf3.} cxd4 43. exd4 (43. Kf3 $142 f5 44. exd4) 43... Ra2 44. Nc3 (44. Kf3 {seems wilder.} Nd2+ 45. Nxd2 Rxd2 46. Ke3 Rb2 47. Rc6) 44... Nxc3 ({Don't blunder} 44... Rxf2+ $2 45. Kg1 $18) 45. Rxc3 $16 {[%mdl 4096] Endgame KRB-KRN} Be7 46. Rd3 Ra4 47. Nb6 Ra2 48. Nd5 Bd6 49. Ne3 Ra4 50. Kf3 Kf6 51. Nd5+ Kf5 52. Nc3 Ra3 {White must now prevent ...Bb4.} 53. Re3 Ra1 54. Nb5 Ra6 (54... Bb4 $142) 55. Re8 Rb6 56. Nc3 (56. Nxd6+ $16 Rxd6 57. Ke3) 56... Rb3 $14 57. Re3 Rb4 58. Rd3 Ke6 59. Ne4 Kd5 60. Ke3 Bf8 61. Ra3 Bg7 62. Ra5+ Kc6 63. Rc5+ (63. d5+ $16 Kb7 64. Kf3) 63... Kb6 64. Rd5 (64. Rc8 {with more complications.} Bxd4+ 65. Kd3 Ka5 66. Rc2 f6 67. Nc3) 64... Kc6 $1 {[%cal Rc6d5]} 65. Rd6+ Kc7 66. Rd5 Kc6 $1 {[%cal Rc6d5]} 67. Rc5+ (67. Rd8 {is interesting.} Kc7 68. Rd5) 67... Kb6 68. Rc2 Bxd4+ 69. Kf3 Rb3+ 70. Kg2 f6 71. Rd2 Be5 {[#]} ({Better is} 71... Rb4) 72. Nxf6 $1 $16 {[%mdl 512] Strongly threatening Nd7+.} Kc6 73. Ne4 Rb4 {[#]} 74. Ng5 $1 Bf6 (74... Rb8 $16 75. Nf7 Bc7) 75. Ne6 $18 Rb8 (75... Be5 {keeps fighting.} 76. Re2 Rb5) 76. Nf4 Rg8 77. Re2 Kd7 78. Re6 Rf8 {Now ...g5 and Black clings on.} 79. Ra6 g5 $2 (79... Bd8 80. Nxg6 Re8) 80. Ng6 {White is clearly winning.} Rf7 81. hxg5 Bd4 82. f4 {Weighted Error Value: White=0.10/Black=0.10} 1-0

[Event "Airthings Masters KO 2020"]
[Site "Online"]
[Date "2020.12.30"]
[Round "2.1"]
[White "Dubov, Daniil"]
[Black "Radjabov, Teimour"]
[Result "0-1"]
[WhiteElo "2699"]
[BlackElo "2765"]
[Annotator "TA"]
[PlyCount "106"]
[EventDate "2020.12.26"]
[EventType "k.o."]
[EventCountry "NET"]
[SourceTitle "playchess.com"]
[Source "ChessBase"]
[SourceQuality "1"]

{[%evp 23,106,24,39,-33,41,2,0,0,0,-37,0,0,0,0,42,0,0,0,50,43,52,0,0,-127,-142,-127,-8,-8,-1,-7,-8,-14,-16,-15,-8,-8,-8,-8,-8,-122,0,0,0,0,0,-375,-375,-741,-732,-721,-237,-237,-237,-231,-165,-222,-230,-230,-226,-200,-11,-10,-11,-13,0,-283,-278,-278,-241,-439,-361,-462,-462,-461,-441,-545,-500,-1710,-1466,-6095,-6103,-5382,-5073,-2021,-1588]} 1. e4 c5 2. Nf3 Nc6 3. d4 cxd4 4. Nxd4 e5 5. Nb5 d6 6. N1c3 a6 7. Na3 b5 8. Nd5 Nf6 9. Bg5 Be7 10. Bxf6 Bxf6 11. c3 Bg5 12. Nc2 Rb8 13. h4 {B33: Sicilian: Pelikan and Sveshnikov Variations.} ({Better is} 13. a4 $14) 13... Bh6 (13... Bxh4 $15 14. g3 Bg5) 14. Be2 O-O 15. Bg4 {The position is equal.} Be6 {[#]} 16. Kf1 $146 ({Predecessor:} 16. Ncb4 Nxb4 17. Nxb4 Qb6 18. O-O a5 19. Nd3 d5 20. Bxe6 Qxe6 21. Re1 Rbd8 {1-0 (62) Sokolov,A (2632)-Calistri,T (2382) Montpellier 2006}) 16... Qd7 17. Bf5 Kh8 18. Qh5 Bxf5 (18... b4 {with more complications.} 19. cxb4 Qa7 20. a3 Nd4 21. Nxd4 Qxd4 22. Rh3 Qxb2 23. Qd1 Rbc8) 19. exf5 f6 20. Rd1 a5 21. Rh3 Rbe8 22. Rhd3 (22. Na3 $14) 22... e4 $11 23. Nxf6 Rxf6 $17 24. Rxd6 Rxf5 (24... Rxd6 $17 25. Rxd6 Qc8) 25. Rxc6 $1 $11 {[#]} Rxf2+ $1 26. Kxf2 Qxc6 27. Kg1 b4 {[%mdl 64] Decoy} 28. cxb4 axb4 29. Nxb4 Qb6+ 30. Kh1 {[%cal Rh5e8]} Rf8 31. a3 (31. Nc2 $1 $11 {remains equal.}) 31... e3 (31... Qf2 $17 {...Bf4 is the strong threat.} 32. Qg4 Bf4) 32. Qe5 Qg6 $36 {[%mdl 2048] aiming for ...Qg4! Black is pushing.} (32... Bf4 $5 33. Rf1 $8 Qf6 34. Qxf6 Rxf6 $11) 33. Nd5 $1 {[%cal Rd5e3]} Qc2 34. Rg1 {[%mdl 8192]} (34. Rd4 $1 $11) 34... Qf2 $19 35. Qe7 $2 (35. Nc3 Qxh4+ 36. Qh2) 35... e2 36. Nc3 {[#]} Bg5 $1 {[%mdl 512]} 37. Qxg5 {Hoping for Nxe2.} e1=Q 38. Rxe1 Qxe1+ {[%mdl 4096] Endgame KQR-KQN} 39. Kh2 h6 {[%mdl 1024] Black has strong compensation.} 40. Qg3 Qc1 41. Qd6 Rf1 (41... Rc8 $19 42. Qb4 Qd2) 42. Qd8+ $11 Kh7 {( -> ...Qf4+)} 43. Qd3+ Kh8 {Threatens to win with ...Rh1+.} 44. Ne4 $2 {[%mdl 8192]} (44. Qd8+ $11 Kh7 45. Qd3+ Kg8 46. Qd5+ Rf7 47. Kh3) 44... Rh1+ $19 45. Kg3 Qxb2 46. Qd8+ (46. Qd6 {only move.} Qb3+ 47. Kg4) 46... Kh7 {And now ...Qe5+ would win.} 47. Qd3 {White threatens Ng5+! and mate.} Qe5+ {Black is clearly winning.} 48. Kg4 {Threatening mate with Nf6+!} Qe6+ 49. Kf4 {White wants to mate with Nf6+!} Rxh4+ 50. Ke3 (50. Kf3 $142 Qf5+ 51. Ke3) 50... Rg4 51. Kf3 Qf5+ 52. Ke3 Qf4+ 53. Kd4 Qd6+ {Weighted Error Value: White=0.93/Black=0.44} 0-1

[Event "Airthings Masters KO 2020"]
[Site "Online"]
[Date "2021.01.01"]
[Round "2.2"]
[White "Vachier-Lagrave, Maxime"]
[Black "Aronian, Levon"]
[Result "1/2-1/2"]
[WhiteElo "2784"]
[BlackElo "2781"]
[Annotator "TA"]
[PlyCount "129"]
[EventDate "2020.12.26"]
[EventType "k.o."]
[EventCountry "NET"]
[SourceTitle "playchess.com"]
[Source "ChessBase"]
[SourceQuality "1"]

{[%evp 18,129,7,2,34,8,14,14,17,14,8,8,17,9,0,0,0,-20,5,0,0,0,0,-15,-14,-16,14,12,0,0,0,0,0,0,0,0,20,15,34,33,43,35,43,31,35,35,35,36,42,37,70,69,72,0,56,56,52,48,72,69,72,73,76,65,65,65,75,0,65,0,66,68,70,61,63,68,63,61,61,61,60,46,70,62,62,62,62,62,62,62,62,58,53,79,94,96,68,48,39,22,23,4,5,0,0,0,0,0,0,0,0,0,0,0]} 1. e4 e5 2. Nf3 Nc6 3. Bb5 Nf6 4. O-O Nxe4 5. d4 Nd6 6. Bxc6 dxc6 7. dxe5 Nf5 8. Qxd8+ Kxd8 9. h3 Ke8 10. Nc3 h5 {C67: Ruy Lopez: Berlin Defence: 4 0-0 Nxe4.} 11. Bf4 Bb4 12. Ne2 Be6 {With the idea ...Bc4.} 13. Ned4 Nxd4 14. Nxd4 {[#]} Bd5 $146 ({Predecessor:} 14... Bc5 15. Nxe6 fxe6 16. g3 Rf8 17. h4 Rd8 18. Kg2 Rf7 19. Rad1 Rfd7 20. Rxd7 Rxd7 {½-½ (69) Sutovsky,E (2635)-Ivanchuk,V (2726) Skopje 2015}) 15. a3 Be7 16. Rfe1 g5 17. Bg3 Rh6 18. Rad1 Rg6 19. e6 fxe6 20. Bxc7 Rc8 21. Be5 Rd8 22. b3 c5 23. Nb5 a6 24. Nc3 Bc6 25. Rxd8+ Kxd8 26. Ne4 g4 27. hxg4 hxg4 28. c4 Ke8 29. Nd6+ Kf8 30. Nc8 (30. a4 {looks sharper.} Rg8 31. Kh2 Rg5 32. Bg3 Rh5+ 33. Kg1) 30... Kf7 31. Nxe7 Kxe7 $14 {[%mdl 4096] Endgame KRB-KRB} 32. Kh2 Rg8 33. Rd1 Rg5 34. Bf4 Rg7 35. Be5 Rg5 36. Bd6+ Kf6 37. Kg3 Rf5 38. Rh1 Be4 39. Rh6+ Kf7 40. Rh7+ ({Much weaker is} 40. Kxg4 Rxf2 41. g3 (41. Bxc5 Rxg2+ 42. Kf4 Bc2 $11) 41... Rf3 $11) 40... Kf6 41. Rc7 Bc6 42. Rh7 ({Don't play} 42. Kxg4 $6 Rxf2 43. g3 Bf3+ 44. Kf4 Bc6+ 45. Kg4 Be4 $11) 42... Be4 $1 43. Rc7 Bc6 $1 44. Rc8 ({But not} 44. Kxg4 $6 Rxf2 45. g3 Rb2 $11) 44... Kg7 45. Rd8 Be4 46. Re8 Kf6 47. Rg8 Bc2 48. b4 cxb4 49. Bxb4 Be4 50. Rxg4 Bc6 51. f3 e5 52. Rh4 Kg6 53. Bc3 Kf7 54. Bd2 e4 {[%cal Re4f3]} 55. f4 e3 56. Bxe3 Ra5 57. Bc1 Rc5 58. f5 Rxf5 59. Rd4 Ke6 {The position is equal.} 60. Rd3 (60. Bf4 {feels hotter.} Ra5 61. Rd3 Rc5 62. Rc3 b5 63. Re3+) 60... Rc5 61. Rc3 b5 62. Re3+ Kf7 63. cxb5 axb5 64. Bd2 Rg5+ 65. Kf4 {Weighted Error Value: White=0.08/Black=0.04} 1/2-1/2